000 00766nam a22002531 4500
001 11200
003 BD-RjUL
005 20211208235104.0
008 861107s1962 enka b 000 0 eng
035 _a(BD-RjUL)11249
040 _aDLC/ICU
_cICU
_dDLC
_dBD-RjUL
_beng
041 _aeng
082 0 0 _a547.84
_216
_bJIN 1962
100 1 _aJirgensons, B.
_q(Bruno),
_d1904-
_932411
245 1 0 _aNatural organic macromolecules/
_cBruno Jirgenson.
260 _aOxford ;
_aNew York :
_bPergamon Press,
_cc1962.
300 _a464 p. :
_billus. ;
_c24 cm.
504 _aIncludes bibliographical reference and index.
650 0 _aMacromolecules.
_931654
650 0 _aChemistry, Organic.
_934662
942 _2ddc
_cBK
999 _c11200
_d11200